My Experiments With Truth (Record no. 67670)
[ view plain ]
| 000 -LEADER | |
|---|---|
| fixed length control field | 00204nam a22000977a 4500 |
| 082 ## - DEWEY DECIMAL CLASSIFICATION NUMBER | |
| Classification number | 900/GAN |
| 100 ## - MAIN ENTRY--AUTHOR NAME | |
| Personal name | Gandhi M.K |
| 245 ## - TITLE STATEMENT | |
| Title | My Experiments With Truth |
| 650 ## - SUBJECT ADDED ENTRY--TOPICAL TERM | |
| Topical Term | Autobiography |
| 942 ## - ADDED ENTRY ELEMENTS (KOHA) | |
| Koha item type | Books |
No items available.









